L´Ingegnoso Idalgo Don Chisciotte della Mancia (Record no. 3175)
[ view plain ]
| 000 -CABECERA | |
|---|---|
| campo de control de longitud fija | 01660nam a2200313 a 4500 |
| 001 - NÚMERO DE CONTROL | |
| campo de control | BRCA_3439 |
| 005 - FECHA Y HORA DE LA ÚLTIMA TRANSACCIÓN | |
| campo de control | 20190320204301.0 |
| 041 ## - CÓDIGO DE LENGUA | |
| Código de lengua del texto/banda sonora o título independiente | ita |
| 044 ## - CÓDIGO DEL PAÍS DE LA ENTIDAD EDITORA/PRODUCTORA | |
| Código MARC del país | it |
| 084 ## - OTRO NÚMERO DE CLASIFICACIÓN | |
| Número de clasificación | 728 |
| Número de documento/Ítem | .U25 |
| -- | 1841 |
| 100 1# - ENTRADA PRINCIPAL--NOMBRE DE PERSONA | |
| Nombre de persona | Cervantes Saavedra, Miguel de |
| Fechas asociadas al nombre | 1547-1616 |
| 9 (RLIN) | 213 |
| 245 10 - MENCIÓN DE TÍTULO | |
| Título | L´Ingegnoso Idalgo Don Chisciotte della Mancia |
| Mención de responsabilidad, etc. | di Michele Cervantes di Saavedra ; Tradotto da Bartolomeo Gamba ed ora riveduto da Francesco Ambrosoli. |
| 260 ## - PUBLICACIÓN, DISTRIBUCIÓN, ETC. | |
| Lugar de publicación, distribución, etc. | Milán |
| Nombre del editor, distribuidor, etc. | Andrea Ubicini |
| Fecha de publicación, distribución, etc. | 1841 |
| 300 ## - DESCRIPCIÓN FÍSICA | |
| Extensión | 2 v. |
| Otras características físicas | il. |
| Dimensiones | 26 cm. |
| 500 ## - NOTA GENERAL | |
| Nota general | Contenido : v.1. Primera parte. Prefacio de F. Ambrosoli, basado en parte en la vida de Cervantes por Viardot. Prólogo del autor. -- v.2. Segunda parte. Prólogo del autor |
| 500 ## - NOTA GENERAL | |
| Nota general | Traducción de B. Gamba, revisada por F. Ambrosoli. Éste dice en el prefacio que muchas de las correcciones que introduce, así como la nota que publica acerca de la vida y obra de Cervantes, están tomadas de la versión francesa de Viardot. Las láminas y los dibujos son los de Johannot. Impresión y papel muy buenos. Tela; lomeras adornadas con dorados Lúdovik Osterc |
| 500 ## - NOTA GENERAL | |
| Nota general | QM546 |
| 546 ## - NOTA DE LENGUA/LENGUAJE | |
| Nota de lengua/lenguaje | Texto en : italiano |
| 650 14 - PUNTO DE ACCESO ADICIONAL DE MATERIA--TÉRMINO DE MATERIA | |
| Término de materia o nombre geográfico como elemento de entrada | Novela española |
| Subdivisión cronológica | Época clásica, 1500-1700 |
| 9 (RLIN) | 215 |
| 650 14 - PUNTO DE ACCESO ADICIONAL DE MATERIA--TÉRMINO DE MATERIA | |
| Término de materia o nombre geográfico como elemento de entrada | Literatura española |
| Subdivisión cronológica | Época clásica, 1500-1700 |
| 9 (RLIN) | 216 |
| 650 14 - PUNTO DE ACCESO ADICIONAL DE MATERIA--TÉRMINO DE MATERIA | |
| Término de materia o nombre geográfico como elemento de entrada | Novela española |
| Subdivisión cronológica | Siglo XVII |
| 9 (RLIN) | 217 |
| 650 14 - PUNTO DE ACCESO ADICIONAL DE MATERIA--TÉRMINO DE MATERIA | |
| Término de materia o nombre geográfico como elemento de entrada | Don Quijote (Personaje ficticio) |
| Término indicativo de función/relación | Novela |
| 9 (RLIN) | 218 |
| 700 1# - PUNTO DE ACCESO ADICIONAL--NOMBRE DE PERSONA | |
| Nombre de persona | Gamba, Bartolomeo |
| Fechas asociadas al nombre | 1766-1841 |
| Término indicativo de función/relación | Traductor |
| 9 (RLIN) | 9000 |
| 700 1# - PUNTO DE ACCESO ADICIONAL--NOMBRE DE PERSONA | |
| Nombre de persona | Ambrosoli, Francesco |
| Fechas asociadas al nombre | 1797-1868 |
| Término indicativo de función/relación | Editor |
| 9 (RLIN) | 9001 |
| 700 1# - PUNTO DE ACCESO ADICIONAL--NOMBRE DE PERSONA | |
| Nombre de persona | Johannot, Tony |
| Fechas asociadas al nombre | 1803-1852 |
| Término indicativo de función/relación | Ilustrador |
| 9 (RLIN) | 9002 |
| 740 0# - PUNTO DE ACCESO ADICIONAL--TÍTULO RELACIONADO O ANALÍTICO NO CONTROLADO | |
| Título relacionado o analítico no controlado | El Ingenioso Hidalgo Don Quijote de la Mancha |
| 902 ## - CATALOGADOR | |
| Iniciales | QFM |
| 942 ## - ELEMENTOS DE PUNTO DE ACCESO ADICIONAL (KOHA) | |
| Fuente del sistema de clasificación o colocación | Library of Congress Classification |
| Tipo de ítem Koha | Libros |
| Estado de retiro | Estado de pérdida | Estado dañado | No para préstamo | Localización permanente | Ubicación/localización actual | Fecha de adquisición | Número de inventario | Total de préstamos | Signatura topográfica completa | Código de barras | Fecha visto por última vez | Precio válido a partir de | Tipo de ítem Koha |
|---|---|---|---|---|---|---|---|---|---|---|---|---|---|
| El ejemplar forma parte de la colección y puede ser consultado según las políticas vigentes. | Biblioteca del Museo Franz Mayer (Rogerio Casas-Alatriste) | Biblioteca del Museo Franz Mayer (Rogerio Casas-Alatriste) | 14/04/2009 | QM546 | 728 .U25 1841 (QM546) | 3436 | 22/03/2019 | 22/03/2019 | Libros |